000 00665nam a22002057a 4500
999 _c4032
_d4032
003 AR-CdUCM
008 190307b ||||| |||| 00| 0 spa d
040 _aMUNICIPALIDAD PROVINCIAL DEL CUSCO
_cBIBLIOTECA MUNICIPAL DEL CUSCO
082 _a868.6 /
_bG914
_24 ed.
100 _aGuardia, Alfredo de la
_912854
245 _aGarcía Lorca :
_bPersona y creación /
260 _aBuenos Aires :
_bEdit. Schapire,
_c1961.
300 _a413 paginas ;
_c20 cm.
505 _aContenido : I.-Su tierra --II.-Él /
650 _aAutores españoles
_911961
650 _aBiografía
_922
700 _aGori Munoz (ilustrador)
_912855
942 _2ddc
_cLIBROS
945 _arjall